00463nam a22001217a 4500008004100000040005500041080002300096245009300119260007900212300001000291650002100301653001900322230523b |||||||| |||| 00| 0 eng d aNational Science LibrarycNational Science Library aR 017.11:05bM6.21 aEBIS register of serials 1986c/ Economic and Social Commission for Asia and the Pacific aBangkok: bEconomic and Social Commission for Asia and the Pacific, c1986 a226p. aThailand-Bangkok aUnited Nations